Maize and maize diets ; a nutritional survey.

Bibliographic Details
Corporate Author: Food and Agriculture Organization of the United Nations. Nutrition Division
Format: Book
Language:English
Published: Rome : Food and Agriculture Organization of the United Nations, 1953.
Series:FAO nutritional studies ; no. 9.
Subjects:

MARC

Tag First Indicator Second Indicator Subfields
LEADER 00000cam a2200000 4500
001 in00000094850
005 20150927110553.0
008 740201s1953 eng u
010 |a  54000332  
035 |a (OCoLC)00787555 
035 |9 AAL6726AM 
040 |c OSU  |d TXA  |d UtOrBLW 
049 |a TXAM  |c [321763] 
090 |a TX341  |b .F68 no. 9 
110 2 |a Food and Agriculture Organization of the United Nations.  |b Nutrition Division. 
245 1 0 |a Maize and maize diets ;  |b a nutritional survey. 
264 1 |a Rome :  |b Food and Agriculture Organization of the United Nations,  |c 1953. 
300 |a iii, 94 pages :  |b illustrations, tables. ;  |c 23 cm. 
336 |a text  |b txt  |2 rdacontent 
337 |a unmediated  |b n  |2 rdamedia 
338 |a volume  |b nc  |2 rdacarrier 
490 1 |a FAO nutritional studies, no. 9 
500 |a Bibliography: pages 84-94. 
650 0 |a Corn. 
650 0 |a Nutrition. 
830 0 |a FAO nutritional studies ;  |v no. 9. 
999 |a MARS 
999 f f |s a31c0119-7778-3e70-b7f6-a0be75f2e2aa  |i 49739a65-7bb1-332d-86e0-aff698fd9a8a  |t 0 
952 f f |p normal  |a Texas A&M University  |b College Station  |c Sterling C. Evans Library  |d Evans: Library Stacks  |t 0  |e TX341 .F68 no.9-14  |h Library of Congress classification  |i unmediated -- volume  |m A14805669945 
952 f f |a Texas A&M University  |b College Station  |c Sterling C. Evans Library  |d Evans: Library Stacks  |t 0  |e TX341 .F68 no.9-14  |h Library of Congress classification 
998 f f |a TX341 .F68 no.9-14  |t 0  |l Evans: Library Stacks